000
00303nam a2200109Ia 4500
008
221009s9999 xx 000 0 und d
082
_a
160
100
_a
R.N Thakur
_9
72351
245
0
_a
General Intelligence & Reasoning as per the latest pattern of SSC Examination
260
_b
Mcgraw hill
942
_c
BK
999
_c
65179
_d
65179